Aki keres talál egy nap a tanács munkaügyi osztályán /
Elmentve itt :
| Szerző: | |
|---|---|
| Dokumentumtípus: | Cikk |
| Megjelent: |
1963-10-06
|
| Sorozat: | Délmagyarország
53 No. 234 |
| Kulcsszavak: | Munkaügyi helyzet Szeged riport 1963, városi tanács |
| Online Access: | http://dmarchiv.bibl.u-szeged.hu/72040 |
| LEADER | 00511nab a2200157 i 4500 | ||
|---|---|---|---|
| 001 | delm72040 | ||
| 005 | 20180928082422.0 | ||
| 008 | 180928s1963 hu o 0|| hun d | ||
| 040 | |a SZTE Délmagyarország Archívum |b hun | ||
| 041 | |a hun | ||
| 100 | 1 | |a Nagy Pál | |
| 245 | 1 | 0 | |a Aki keres talál |h [elektronikus dokumentum] : |b egy nap a tanács munkaügyi osztályán / |c Nagy Pál |
| 260 | |c 1963-10-06 | ||
| 300 | |a 3 | ||
| 490 | 0 | |a Délmagyarország |v 53 No. 234 | |
| 695 | |a Munkaügyi helyzet Szeged riport 1963, városi tanács | ||